000
00362nam a2200157Ia 4500
005
20250423100318.0
008
250422s9999 xx 000 0 und d
020
_a
0-582-523362
100
_a
L.G. Alexander
245
0
_a
New Concept English: Deveploping Skills
260
_b
Longman
260
_c
1971
300
_a
72 p
650
_a
English
942
_c
BK
999
_c
32919
_d
32919